[Event "76th Tata Steel Masters"]
[Site "Wijk aan Zee NED"]
[Date "2014.01.15"]
[Round "4.3"]
[White "Dominguez Perez,L"]
[Black "Caruana,F"]
[Result "1-0"]
[WhiteTitle "GM"]
[BlackTitle "GM"]
[WhiteElo "2754"]
[BlackElo "2782"]
[WhiteFideId "3503240"]
[BlackFideId "2020009"]
[EventDate "2014.01.11"]

1. e4 e5 2. Nf3 Nc6 3. Bb5 a6 4. Ba4 Nf6 5. O-O Be7 6. d3 b5 7. Bb3 d6 8. a3 O-O
9. Nc3 Be6 10. Be3 Qd7 11. Nd5 Bd8 12. Bg5 Bxd5 13. exd5 Nd4 14. Nxd4 exd4 15.
a4 Qf5 16. Bd2 Rb8 17. axb5 axb5 18. h3 h5 19. Ra7 h4 20. Qf3 Qxf3 21. gxf3 Re8
22. f4 Nd7 23. Bb4 Nb6 24. Kg2 Na4 25. Ba3 Nb6 26. Bb4 Na4 27. Rb1 Re7 28. Ra6
Re8 29. Kf3 Rb7 30. Ra8 Kf8 31. Ra1 Nc5 32. R1a7 Rxa7 33. Rxa7 Nxb3 34. cxb3 Ke7
35. Rb7 Kd7 36. Rxb5 Rh8 37. Bd2 Rh5 38. Ra5 g6 39. Ke4 Rh8 40. Ra8 f5+ 41. Kf3
Bf6 42. Ra1 Rb8 43. b4 Re8 44. Ra7 Rb8 45. Ke2 Kc8 46. Kd1 Rb5 47. Ra5 Rb8 48.
Kc2 Kd7 49. Ra1 Rb5 50. Ra5 Rb8 51. b5 Kc8 52. Kb3 Kb7 53. Ra1 Re8 54. Re1 Rxe1
55. Bxe1 Kb6 56. Kc4 Be7 57. f3 Bf6 58. Kb4 Bd8 59. Bf2 Bf6 60. b3 Kb7 61. Ka5
Bd8 62. Kb4 Bf6 63. Ka5 Bd8 64. b6 cxb6+ 65. Kb5 Bf6 66. b4 Be7 67. Bxd4 Bd8 68.
Bc3 Be7 69. Bg7 Bd8 70. Bd4 Be7 71. Bxb6 Bf6 72. Bf2 Bc3 73. Bxh4 Bd2 74. Bf2
Bxf4 75. Ka4 Ka6 76. b5+ Kb7 77. Kb3 Kc7 78. Kc2 Kb7 79. Bd4 Bg3 80. Be3 Be5 81.
Kb3 Kc7 82. Ka4 Kb7 83. Kb4 Bg3 84. Kc4 Be5 85. Kb3 Bg3 86. Kc2 Be5 87. Kd2 Bg3
88. Ke2 Bh4 89. Kf1 Bg3 90. Kg2 Bh4 91. Bf2 Bf6 92. Be3 Bh4 93. Bf2 Bf6 94. h4
Kc7 95. Kh3 Kb7 96. h5 gxh5 97. Bh4 Bd4 98. Be7 Be5 99. Bd8 Kc8 100. Bg5 Kb7
101. Kh4 Kb6 102. Be3+ Kxb5 103. f4 Bb2 104. Kxh5 Kb4 105. Kg5 Kc3 106. Kxf5
Kxd3 107. Bg1 Bc1 108. Bh2 1-0

[Event "76th Tata Steel Masters"]
[Site "Wijk aan Zee NED"]
[Date "2014.01.15"]
[Round "4.1"]
[White "Van Wely,L"]
[Black "Harikrishna,P"]
[Result "1/2-1/2"]
[WhiteTitle "GM"]
[BlackTitle "GM"]
[WhiteElo "2672"]
[BlackElo "2706"]
[WhiteFideId "1000268"]
[BlackFideId "5007003"]
[EventDate "2014.01.11"]

1. Nf3 Nf6 2. c4 e6 3. d4 d5 4. g3 Be7 5. Bg2 O-O 6. O-O dxc4 7. Qc2 a6 8. a4
Bd7 9. Rd1 Nc6 10. Qxc4 Nb4 11. Nc3 Bc6 12. Bg5 Bd5 13. Nxd5 exd5 14. Qb3 a5 15.
Ne5 c6 16. Nd3 Re8 17. Bxf6 Bxf6 18. Nxb4 Qb6 19. Qc3 axb4 20. Qd3 Ra5 21. b3
Qa6 22. Qd2 Qb6 23. e3 g6 24. h4 Kg7 25. Bf3 h5 26. Kg2 Be7 27. Re1 Raa8 28. Qd3
Bf6 29. Rad1 1/2-1/2

[Event "76th Tata Steel Masters"]
[Site "Wijk aan Zee NED"]
[Date "2014.01.17"]
[Round "5.2"]
[White "Nakamura,Hi"]
[Black "Karjakin,Sergey"]
[Result "1/2-1/2"]
[WhiteTitle "GM"]
[BlackTitle "GM"]
[WhiteElo "2789"]
[BlackElo "2759"]
[WhiteFideId "2016192"]
[BlackFideId "14109603"]
[EventDate "2014.01.11"]

1. d4 Nf6 2. c4 e6 3. Nc3 Bb4 4. Qc2 d5 5. a3 Bxc3+ 6. Qxc3 Ne4 7. Qc2 c5 8.
dxc5 Nc6 9. cxd5 exd5 10. e3 O-O 11. Nf3 Bf5 12. Bd3 Qa5+ 13. Ke2 Rfe8 14. Rd1
Bg4 15. b4 Qc7 16. h3 Bxf3+ 17. gxf3 Ng5 18. Bb2 d4 19. h4 Rxe3+ 20. fxe3 Qh2+
21. Kf1 Qh1+ 22. Kf2 Qh2+ 23. Kf1 Qh1+ 24. Kf2 Qh2+ 1/2-1/2

[Event "76th Tata Steel Masters"]
[Site "Wijk aan Zee NED"]
[Date "2014.01.17"]
[Round "5.5"]
[White "Harikrishna,P"]
[Black "Giri,A"]
[Result "0-1"]
[WhiteTitle "GM"]
[BlackTitle "GM"]
[WhiteElo "2706"]
[BlackElo "2734"]
[WhiteFideId "5007003"]
[BlackFideId "24116068"]
[EventDate "2014.01.11"]

1. e4 e5 2. Nf3 Nc6 3. Bc4 Bc5 4. O-O Nf6 5. d3 O-O 6. h3 d6 7. c3 a6 8. Bb3 h6
9. Be3 Bxe3 10. fxe3 Na5 11. Bc2 c5 12. Nbd2 b5 13. Qe1 Rb8 14. Qg3 Nh5 15. Qf2
Nf6 16. Qg3 Nh5 17. Qh2 Qe7 18. Rf2 Bd7 19. g4 Nf6 20. Raf1 Nh7 21. Qg3 g6 22.
Nh4 c4 23. d4 b4 24. Ndf3 b3 25. axb3 cxb3 26. Bd3 Bb5 27. Bxb5 axb5 28. dxe5
Nc4 29. exd6 Nxd6 30. Qe5 Qxe5 31. Nxe5 Ng5 32. Rh2 Rb7 33. Nc6 Nc4 34. Nd4 b4
35. Rc1 Ra8 36. cxb4 Rxb4 37. Nhf3 Nxf3+ 38. Nxf3 Ra2 39. Rb1 Nxe3 40. Re2 Nc2
41. Nd2 Ra7 42. e5 Nd4 43. Re3 Rc7 44. Nf3 Ne6 45. Ne1 Rd7 46. Nd3 Rc4 47. Nf2
Nc5 48. Rf1 Rc2 49. Kg2 Rd3 50. Kf3 Rxe3+ 51. Kxe3 Rxb2 52. Rd1 Kf8 53. Rd8+ Ke7
54. Rb8 Rc2 55. Ne4 Nxe4 56. Kxe4 b2 57. h4 Kd7 58. h5 g5 59. Kd5 Rd2+ 60. Kc5
Ke7 61. Rb6 Rd1 62. Rxb2 Ke6 63. Rf2 Rd5+ 64. Kc4 Rxe5 65. Kd3 f5 66. gxf5+ Kf6
67. Ra2 Kxf5 68. Ra6 Re6 69. Rxe6 Kxe6 70. Ke4 Kf6 71. Kf3 Ke5 0-1

[Event "76th Tata Steel Masters"]
[Site "Wijk aan Zee NED"]
[Date "2014.01.17"]
[Round "5.4"]
[White "Naiditsch,A"]
[Black "Aronian,L"]
[Result "0-1"]
[WhiteTitle "GM"]
[BlackTitle "GM"]
[WhiteElo "2718"]
[BlackElo "2812"]
[WhiteFideId "4650891"]
[BlackFideId "13300474"]
[EventDate "2014.01.11"]

1. e4 e5 2. Nf3 Nc6 3. Bb5 Nf6 4. O-O Nxe4 5. d4 Nd6 6. dxe5 Nxb5 7. a4 Nbd4 8.
Nxd4 d6 9. exd6 Bxd6 10. Re1+ Be7 11. Nxc6 Qxd1 12. Rxd1 bxc6 13. Be3 Bf5 14.
Re1 O-O-O 15. Na3 Rhe8 16. Bxa7 Bxa3 17. Rxe8 Rxe8 18. bxa3 Re4 19. c3 Rxa4 20.
Bd4 g6 21. f3 Kd7 22. Kf2 Kd6 23. h3 c5 24. Bf6 Kd5 25. g4 Be6 26. Kg3 Kc4 27.
Kh4 Bd5 28. f4 Ra6 29. Bg7 Re6 30. a4 f6 31. a5 g5+ 32. Kh5 gxf4 33. Ra4+ Kxc3
34. Rxf4 Kb3 35. Rxf6 Re3 36. h4 c4 37. Rf5 Rd3 38. a6 c3 39. a7 c2 40. Bh6 Bc6
41. Bg5 Rd6 42. Re5 Ba8 43. Rc5 c6 44. Rf5 Rd7 45. Rf3+ Ka2 46. Rf2 Kb2 47. Be3
Re7 48. Bf4 Rxa7 49. Rf1 c5 50. Kh6 Be4 51. h5 Bd3 52. Rg1 c4 53. g5 c3 54. Bc1+
Kb3 55. Be3 Re7 56. Bc1 Re2 57. Kg7 Rd2 0-1

[Event "76th Tata Steel Masters"]
[Site "Wijk aan Zee NED"]
[Date "2014.01.17"]
[Round "5.3"]
[White "So,W"]
[Black "Gelfand,B"]
[Result "1-0"]
[WhiteTitle "GM"]
[BlackTitle "GM"]
[WhiteElo "2719"]
[BlackElo "2777"]
[WhiteFideId "5202213"]
[BlackFideId "2805677"]
[EventDate "2014.01.11"]

1. e4 c5 2. Nf3 Nc6 3. Nc3 e5 4. Bc4 Be7 5. d3 Nf6 6. Nd2 d6 7. Nf1 Bg4 8. Qd2
Nd7 9. Nd5 O-O 10. c3 Be6 11. Qc2 Nb6 12. Nxb6 axb6 13. a4 Kh8 14. Bd2 Qd7 15.
Rd1 d5 16. exd5 Bxd5 17. Ne3 Be6 18. Qb3 Qxd3 19. Bxe6 fxe6 20. Qxb6 Qe4 21. b3
Rab8 22. O-O Qg6 23. a5 Rfc8 24. Nc4 Qc2 25. Rc1 Qd3 26. Be3 h6 27. Rfd1 Qf5 28.
Rd7 Rf8 29. Rf1 1-0

[Event "76th Tata Steel Masters"]
[Site "Wijk aan Zee NED"]
[Date "2014.01.17"]
[Round "5.6"]
[White "Rapport,R"]
[Black "Dominguez Perez,L"]
[Result "0-1"]
[WhiteTitle "GM"]
[BlackTitle "GM"]
[WhiteElo "2691"]
[BlackElo "2754"]
[WhiteFideId "738590"]
[BlackFideId "3503240"]
[EventDate "2014.01.11"]

1. c4 c5 2. Nc3 g6 3. g4 Bg7 4. Bg2 Nc6 5. d3 d6 6. g5 e6 7. h4 h5 8. Bxc6+ bxc6
9. f4 e5 10. fxe5 Bxe5 11. Nf3 Bxc3+ 12. bxc3 Ne7 13. Bf4 O-O 14. Nd2 d5 15. Qa4
Bg4 16. Rh2 Re8 17. Rb1 Qd7 18. Rf2 Qe6 19. Nb3 Bxe2 20. Kd2 Qg4 21. Nxc5 Qxh4
22. Be3 Nf5 23. Rxf5 gxf5 24. g6 Rxe3 25. Kxe3 Re8+ 26. Kd2 Qf2 27. gxf7+ Kxf7
28. Qxa7+ Kg8 29. Rb8 Bxd3+ 30. Kxd3 Qe2+ 0-1

[Event "76th Tata Steel Masters"]
[Site "Wijk aan Zee NED"]
[Date "2014.01.17"]
[Round "5.1"]
[White "Caruana,F"]
[Black "Van Wely,L"]
[Result "1-0"]
[WhiteTitle "GM"]
[BlackTitle "GM"]
[WhiteElo "2782"]
[BlackElo "2672"]
[WhiteFideId "2020009"]
[BlackFideId "1000268"]
[EventDate "2014.01.11"]

1. e4 c5 2. Nf3 Nc6 3. d4 cxd4 4. Nxd4 Nf6 5. Nc3 e5 6. Ndb5 d6 7. Bg5 a6 8. Na3
b5 9. Nd5 Be7 10. Bxf6 Bxf6 11. c4 b4 12. Nc2 O-O 13. g3 Be6 14. h4 a5 15. Bh3
Rb8 16. Qd3 a4 17. b3 Bxd5 18. cxd5 Na5 19. O-O Qe8 20. Ne3 Bd8 21. Nf5 Rb6 22.
Qe3 g6 23. Qh6 Bf6 24. Rab1 axb3 25. axb3 Qd8 26. Rfc1 Re8 27. Ne3 Bg7 28. Qg5
Rb8 29. Nc4 Nb7 30. Qe3 Bf8 31. Ra1 Nc5 32. Na5 Ra8 33. Nc6 Qf6 34. Bf1 h5 35.
Bc4 Kh7 36. Qe2 Bh6 37. Rf1 g5 38. hxg5 Qxg5 39. Qf3 Kg7 40. Nxb4 Qg4 41. Qxg4+
hxg4 42. Na6 Nxa6 43. Rxa6 Rxa6 44. Bxa6 Rb8 45. Rb1 Bd2 46. Be2 Rb4 47. Bc4 f5
48. exf5 Kf6 49. Ra1 Rb8 50. Ra6 Bb4 51. Bd3 Bc5 52. Bc2 e4 53. Ra4 e3 54. fxe3
Bxe3+ 55. Kf1 Rc8 56. Bd3 Rg8 57. Re4 Bc5 58. b4 Ba7 59. Re6+ Kf7 60. Rxd6 Bb8
61. Rg6 Bxg3 62. d6 Rxg6 63. fxg6+ Kf6 64. d7 Bc7 65. b5 g3 66. Kg2 Kg7 67. Bf5
Kf6 68. Kf3 Kg7 69. d8=Q Bxd8 70. Kxg3 Kf6 71. Kf4 Bc7+ 72. Ke4 Bb6 73. Kd5 1-0

[Event "76th Tata Steel Masters"]
[Site "Wijk aan Zee NED"]
[Date "2014.01.18"]
[Round "6.3"]
[White "Aronian,L"]
[Black "So,W"]
[Result "1-0"]
[WhiteTitle "GM"]
[BlackTitle "GM"]
[WhiteElo "2812"]
[BlackElo "2719"]
[WhiteFideId "13300474"]
[BlackFideId "5202213"]
[EventDate "2014.01.11"]

1. c4 Nf6 2. Nf3 g6 3. Nc3 d5 4. cxd5 Nxd5 5. e4 Nxc3 6. bxc3 Bg7 7. Be2 c5 8.
O-O Nc6 9. Qa4 Bd7 10. Qa3 Qa5 11. Rd1 O-O 12. Rb1 b6 13. d4 Qxa3 14. Bxa3 Bg4
15. dxc5 Bxc3 16. Ba6 Rab8 17. Rdc1 Bxf3 18. gxf3 Bd2 19. Rd1 Bc3 20. Kg2 bxc5
21. Bxc5 Bb4 22. Be3 Bd6 23. Rbc1 Nb4 24. Bc4 Rfc8 25. f4 Kf8 26. a3 Nc6 27. Ba6
Bxa3 28. Rc4 Rd8 29. Ra1 Bb2 30. Raa4 Rd6 31. e5 Re6 32. Rc2 Nd8 33. Bxa7 Ra8
34. Bb5 Bxe5 35. fxe5 Rxe5 36. Be3 1-0

[Event "76th Tata Steel Masters"]
[Site "Wijk aan Zee NED"]
[Date "2014.01.18"]
[Round "6.5"]
[White "Dominguez Perez,L"]
[Black "Nakamura,Hi"]
[Result "1/2-1/2"]
[WhiteTitle "GM"]
[BlackTitle "GM"]
[WhiteElo "2754"]
[BlackElo "2789"]
[WhiteFideId "3503240"]
[BlackFideId "2016192"]
[EventDate "2014.01.11"]

1. e4 e5 2. Nf3 Nc6 3. Bb5 Nf6 4. O-O Nxe4 5. d4 Nd6 6. Bxc6 dxc6 7. dxe5 Nf5 8.
Qxd8+ Kxd8 9. h3 Bd7 10. Rd1 Kc8 11. g4 Ne7 12. Ng5 Be8 13. f4 b6 14. f5 h5 15.
Kg2 c5 16. Nc3 g6 17. f6 Nc6 18. Nf3 Nb4 19. Bf4 Nxc2 20. Rac1 Nb4 21. a3 Nc6
22. Ne4 Bd7 23. Neg5 hxg4 24. hxg4 Bxg4 25. Nxf7 Rh5 26. Kg3 Bf5 27. N7g5 Bh6
28. e6 Bxg5 29. Nxg5 Rxg5+ 30. Bxg5 Bxe6 31. Re1 Nd4 32. Rcd1 Bf7 33. Be3 Nf5+
34. Kg4 Kb7 35. Bf4 Kc6 36. Rh1 Rf8 37. Rh7 Nd4 38. Rf1 Be6+ 39. Kg5 Bc4 40.
Rxc7+ Kb5 41. Rf2 Ne6+ 42. Kg4 Nxc7 1/2-1/2

[Event "76th Tata Steel Masters"]
[Site "Wijk aan Zee NED"]
[Date "2014.01.18"]
[Round "6.6"]
[White "Van Wely,L"]
[Black "Rapport,R"]
[Result "1/2-1/2"]
[WhiteTitle "GM"]
[BlackTitle "GM"]
[WhiteElo "2672"]
[BlackElo "2691"]
[WhiteFideId "1000268"]
[BlackFideId "738590"]
[EventDate "2014.01.11"]

1. d4 g6 2. Nf3 Bg7 3. e4 d6 4. c4 Nf6 5. Nc3 O-O 6. Be2 e5 7. Be3 Ng4 8. Bg5 f6
9. Bh4 Nc6 10. d5 Ne7 11. Nd2 f5 12. Bxg4 fxg4 13. Bg5 h6 14. Be3 c5 15. dxc6
bxc6 16. b4 Be6 17. O-O g5 18. b5 Qd7 19. bxc6 Nxc6 20. Nd5 Rab8 21. Nb3 a5 22.
a4 Rb7 23. c5 Rfb8 24. Ra3 Kh8 25. cxd6 Qxd6 26. Nc5 Rb2 27. Rd3 Nd4 28. Nxe6
Qxe6 29. Rd2 Qa6 30. Rxb2 Rxb2 31. Bxd4 exd4 32. Qxg4 d3 33. Qd7 Qg6 34. Ne7 Qf7
35. Qd8+ Kh7 36. Nf5 d2 37. g3 Bc3 38. Qd3 Qa7 39. Rd1 Bb4 40. e5 Qf7 41. Ne3+
Kg7 42. Qd4 Rb3 43. e6+ Qf6 44. Qd7+ Kh8 45. Kg2 g4 46. Qc8+ Kg7 47. Qb7+ Kh8
48. e7 Qxe7 49. Qxe7 Bxe7 50. Rxd2 Bg5 51. Rd5 Bxe3 52. fxe3 Rxe3 53. Kf2 Ra3
54. Rxa5 Kg7 55. Ra8 Kg6 56. a5 Ra2+ 57. Ke3 Rxh2 58. a6 Ra2 59. Kd4 Kh5 60. Kc4
Ra3 61. Kb4 Ra1 62. Kb5 Rb1+ 63. Kc5 Rc1+ 64. Kb5 Rb1+ 1/2-1/2

[Event "76th Tata Steel Masters"]
[Site "Wijk aan Zee NED"]
[Date "2014.01.18"]
[Round "6.2"]
[White "Harikrishna,P"]
[Black "Caruana,F"]
[Result "1/2-1/2"]
[WhiteTitle "GM"]
[BlackTitle "GM"]
[WhiteElo "2706"]
[BlackElo "2782"]
[WhiteFideId "5007003"]
[BlackFideId "2020009"]
[EventDate "2014.01.11"]

1. e4 e5 2. Nf3 Nc6 3. Bb5 a6 4. Ba4 Nf6 5. O-O b5 6. Bb3 Bc5 7. a4 Rb8 8. c3 d6
9. d4 Bb6 10. axb5 axb5 11. Na3 O-O 12. Nxb5 Bg4 13. Bc2 exd4 14. Nbxd4 Nxd4 15.
cxd4 Bxf3 16. gxf3 Nh5 17. Kh1 Qf6 18. Be3 Nf4 19. Ra4 Ne6 20. Rg1 Ra8 21. Rb4
Ba7 22. Rc4 Bb6 23. Rb4 Ba7 24. f4 c5 25. e5 Qe7 26. exd6 Qxd6 27. dxc5 Bxc5 28.
Qxd6 Bxd6 29. Re4 Rfc8 30. Bb1 g6 31. f5 Ng7 32. fxg6 hxg6 33. Bd2 Rc5 34. Rh4
Rb8 35. b4 Rcb5 36. Ba2 Bxb4 37. Bf4 R8b6 38. Bc4 Rh5 39. Rhg4 Bc3 40. Be3 Rc6
41. Rc1 Rxc4 42. Rxc4 Be5 43. Rc8+ Kh7 44. Rf8 Rf5 45. Rc4 Ne6 46. Rh4+ Kg7 47.
Re8 Bd6 48. Kg2 Bc5 49. Bxc5 Rg5+ 50. Kf1 Rxc5 51. Rg4 Rf5 52. Ra8 Nf4 53. Ra3
Kh6 54. h4 Kh5 55. f3 Kh6 56. Kf2 Kg7 57. Ra7 Nh5 58. Re4 Nf4 59. Rea4 Nh5 60.
R7a5 Rf6 61. Rg4 Kh6 62. Rb4 Kg7 63. Ra7 Rf5 64. Ke3 Nf6 65. Rba4 Rb5 66. Ra3
Rb2 67. R7a4 Rb5 68. Ra5 Rb4 69. R5a4 Rb5 70. Rc4 Rf5 71. Kf2 Rb5 72. Ra7 Nh5
73. Rcc7 Rf5 74. Rcb7 Nf4 75. Re7 Nd5 76. Re8 Nf6 77. Rb8 Nh5 78. Rc8 Rf4 79.
Rcc7 Rf5 80. Rd7 Nf4 81. Rd4 Nh5 82. Ke3 Re5+ 83. Re4 Rb5 84. Ree7 Rf5 85. Rad7
Kf8 86. Rb7 Kg7 87. Ra7 Kf8 88. Re4 Kg7 89. f4 Nf6 90. Rc4 Rh5 91. Kf3 Ng8 92.
f5 Rxf5+ 93. Rf4 Nh6 94. Rxf5 Nxf5 95. Kg4 Nd4 96. Kf4 Nf5 97. h5 Nh6 98. Kg5
gxh5 99. Kxh5 Nf5 100. Kg5 Nd4 101. Rd7 Ne6+ 102. Kf5 Nf8 103. Rd1 Ng6 104. Rg1
Kf8 105. Kf6 Ne7 106. Rd1 Ng8+ 107. Ke5 Ne7 108. Rd7 Ng8 109. Ra7 Kg7 110. Kd6
Nf6 111. Ra1 Kf8 112. Rg1 Ng8 113. Ke5 Ne7 114. Ra1 Kg7 115. Kd6 Ng8 116. Ra2
Kf8 117. Re2 Kg7 118. Ke5 Ne7 119. Rg2+ Kf8 120. Kf6 Ng8+ 121. Kg5 Kg7 122. Kh5+
Kh7 123. Rg1 Ne7 124. Rf1 Kg7 125. Re1 Ng8 126. Rg1+ Kh7 127. Rg5 Ne7 128. Kg4
Ng6 129. Kf5 Kg7 130. Rg1 Kf8 131. Rxg6 fxg6+ 132. Kxg6 1/2-1/2

[Event "76th Tata Steel Masters"]
[Site "Wijk aan Zee NED"]
[Date "2014.01.18"]
[Round "6.1"]
[White "Karjakin,Sergey"]
[Black "Naiditsch,A"]
[Result "1-0"]
[WhiteTitle "GM"]
[BlackTitle "GM"]
[WhiteElo "2759"]
[BlackElo "2718"]
[WhiteFideId "14109603"]
[BlackFideId "4650891"]
[EventDate "2014.01.11"]

1. Nf3 d5 2. g3 Nf6 3. Bg2 c5 4. d4 Nc6 5. O-O e6 6. c4 dxc4 7. Ne5 Bd7 8. Na3
cxd4 9. Naxc4 Bc5 10. Bf4 Nd5 11. Nxd7 Qxd7 12. Ne5 Nxe5 13. Bxe5 O-O 14. Bxd4
Bxd4 15. Qxd4 Qb5 16. Bxd5 exd5 17. e3 Rfc8 18. b3 h6 19. Rfd1 Rc5 20. Kg2 a5
21. Rac1 Rac8 22. Rxc5 Rxc5 23. Qe5 Qc6 24. Rd4 b6 25. Qf5 Qe6 26. Qd3 Qc6 27.
Qf5 Qe6 28. Qd3 Qc6 29. h4 b5 30. a3 g6 31. Qd2 Rc3 32. Rxd5 Rxb3 33. Qd4 Kh7
34. h5 gxh5 35. Qe4+ Qg6 36. Rf5 Kg8 37. Qe8+ Kg7 38. Qe5+ f6 39. Qf4 Qg4 40.
Qc7+ Kg6 41. Rf4 Qe6 42. Qxa5 Qc6+ 43. e4 Qe6 44. Qa8 Rc3 45. Kh2 Rc5 46. Qf8
Rc4 47. Qd8 Rxe4 48. Qd3 f5 49. Qxb5 Rxf4 50. gxf4 h4 51. Qe5 Qc6 52. Qe3 Kh5
53. f3 Qg6 54. Qe1 Qc6 55. Qe5 Qg6 56. Qe1 Qc6 57. Kg2 h3+ 58. Kg3 h2 59. Qh1
Qc5 60. Qxh2+ Kg6 61. a4 Qa7 62. Qa2 Qg1+ 63. Qg2 Qe1+ 64. Qf2 Qa1 65. Qb6+ Kh5
66. Qe3 Qh8 67. a5 Qg8+ 68. Kh3 Qa8 69. Qb3 Qe8 70. a6 Qe7 71. Qb1 Kg6 72. Qg1+
Kh5 73. a7 Qa3 74. Kg3 Qa5 75. Qe3 Qd8 76. Qe5 1-0

[Event "76th Tata Steel Masters"]
[Site "Wijk aan Zee NED"]
[Date "2014.01.18"]
[Round "6.4"]
[White "Giri,A"]
[Black "Gelfand,B"]
[Result "1/2-1/2"]
[WhiteTitle "GM"]
[BlackTitle "GM"]
[WhiteElo "2734"]
[BlackElo "2777"]
[WhiteFideId "24116068"]
[BlackFideId "2805677"]
[EventDate "2014.01.11"]

1. d4 Nf6 2. c4 g6 3. Nc3 d5 4. cxd5 Nxd5 5. e4 Nxc3 6. bxc3 Bg7 7. Be3 c5 8.
Rc1 Qa5 9. Qd2 cxd4 10. cxd4 Qxd2+ 11. Bxd2 O-O 12. Nf3 Bg4 13. Be3 Rd8 14. Be2
e6 15. Ne5 Bxe2 16. Kxe2 f6 17. Nf3 Nc6 18. Rc4 Rd7 19. h4 Rad8 20. g3 f5 21. e5
h6 22. Rb1 Bf8 23. a4 Na5 24. Rc2 Nc6 25. Kf1 Nb4 26. Rc4 Nd5 27. a5 Kf7 28. Bd2
b6 29. Ne1 Rc7 30. Rxc7+ Nxc7 31. axb6 axb6 32. Nc2 Rb8 33. Ke2 b5 34. Ra1 Rb7
35. Ra5 b4 36. Na1 Be7 37. Nb3 g5 38. h5 Nd5 39. Kd3 Rc7 40. f3 f4 41. g4 Bf8
42. Ra8 Be7 43. Ra6 Bf8 44. Ra1 Be7 45. Ra8 Bf8 46. Na5 Be7 47. Rb8 Bf8 48. Nc4
Rd7 49. Ke4 Ra7 50. Nd6+ Bxd6 51. exd6 Nf6+ 52. Kd3 Nd7 53. Rd8 b3 54. Bc3 Rb7
55. Bb2 Nf6 56. Kc4 Rd7 57. Rxd7+ Nxd7 58. Kxb3 Nb6 59. Ba3 Ke8 60. Bc5 Nd7 61.
Kc4 Nf6 62. Kd3 Kd7 63. Bb4 Kc6 64. Kc4 Kd7 65. Kd3 Kc6 66. Kc4 1/2-1/2

[Event "76th Tata Steel Masters"]
[Site "Wijk aan Zee NED"]
[Date "2014.01.19"]
[Round "7.1"]
[White "Rapport,R"]
[Black "Harikrishna,P"]
[Result "1-0"]
[WhiteTitle "GM"]
[BlackTitle "GM"]
[WhiteElo "2691"]
[BlackElo "2706"]
[WhiteFideId "738590"]
[BlackFideId "5007003"]
[EventDate "2014.01.11"]

1. e4 c6 2. Nc3 d5 3. d4 dxe4 4. Nxe4 Bf5 5. Qf3 Bg6 6. Ne2 e6 7. c3 Qd5 8. N2g3
Nd7 9. h4 h6 10. Bd3 Ngf6 11. Nxf6+ gxf6 12. Qxd5 cxd5 13. Be2 Bd6 14. h5 Bc2
15. Nf1 a6 16. b3 Rc8 17. Bd2 Rg8 18. Ne3 Bh7 19. c4 dxc4 20. Nxc4 Bf8 21. Rc1
Rd8 22. Bf3 Nb8 23. Na5 Rxd4 24. Nxb7 Ba3 25. Rc7 Nd7 26. Na5 Ne5 27. Nc6 Nxf3+
28. gxf3 Rd5 29. b4 Rgg5 30. Bxg5 fxg5 31. O-O Kf8 32. Re1 Bb2 33. a4 Bc3 34.
Re3 Bf6 35. Kg2 Bc2 36. Ne5 Bxe5 37. Rxc2 Bd6 38. Re4 Ke7 39. Rc6 a5 40. bxa5
Rxa5 41. Rb6 Ra7 42. Rb5 Kd7 43. Rd4 Kc6 44. Rc4+ Kd7 45. Kf1 Bc7 46. Ke2 Kd6
47. Kd3 Kd7 48. Rd4+ Kc6 49. Rc4+ Kd7 50. Kc2 Kd6 51. Kb3 Ba5 52. Rd4+ Ke7 53.
f4 gxf4 54. Rxf4 f5 55. Rf3 Bc7 56. Rd3 Kf6 57. Rd7 Kg5 58. Re7 Bb6 59. f4+ Kxf4
60. Rxe6 Be3 61. Rxh6 Rf7 62. Rg6 Kf3 63. h6 Bd4 64. h7 Rxh7 65. Rxf5+ Ke4 66.
Rfg5 Re7 67. a5 Be5 68. Kc4 1-0

[Event "76th Tata Steel Masters"]
[Site "Wijk aan Zee NED"]
[Date "2014.01.19"]
[Round "7.4"]
[White "Gelfand,B"]
[Black "Aronian,L"]
[Result "1/2-1/2"]
[WhiteTitle "GM"]
[BlackTitle "GM"]
[WhiteElo "2777"]
[BlackElo "2812"]
[WhiteFideId "2805677"]
[BlackFideId "13300474"]
[EventDate "2014.01.11"]

1. d4 Nf6 2. c4 e6 3. Nf3 d5 4. Nc3 Bb4 5. Bg5 dxc4 6. e4 b5 7. a4 c5 8. axb5
cxd4 9. Bxf6 gxf6 10. Qxd4 Nd7 11. Qxc4 Bc5 12. Be2 Bb7 13. O-O Rc8 14. Qd3 Bb6
15. Na4 Nc5 16. Qxd8+ Rxd8 17. Nxc5 Bxc5 18. Rfc1 Bb6 19. Rc4 Ke7 20. Kf1 Rd6
21. e5 Rd5 22. exf6+ Kxf6 23. Rf4+ Ke7 24. Bc4 Rh5 25. h3 Rc8 26. b3 Bc7 27.
Rxa7 Bxf4 28. Rxb7+ Rc7 29. Rb6 Rd7 30. Ke2 Bd6 31. Ra6 Bb4 32. h4 Rc5 33. Ra8
Bc3 34. g3 h6 35. Bd3 Rcc7 36. Ra6 Rd6 37. Ra8 Bd4 38. Nxd4 Rxd4 39. Bc4 Rd8 40.
Rxd8 Kxd8 41. g4 1/2-1/2

[Event "76th Tata Steel Masters"]
[Site "Wijk aan Zee NED"]
[Date "2014.01.19"]
[Round "7.5"]
[White "So,W"]
[Black "Karjakin,Sergey"]
[Result "1/2-1/2"]
[WhiteTitle "GM"]
[BlackTitle "GM"]
[WhiteElo "2719"]
[BlackElo "2759"]
[WhiteFideId "5202213"]
[BlackFideId "14109603"]
[EventDate "2014.01.11"]

1. Nf3 Nf6 2. c4 b6 3. d4 e6 4. g3 Ba6 5. b3 Bb4+ 6. Bd2 Be7 7. Bg2 c6 8. O-O d5
9. Qc2 Nbd7 10. Rd1 O-O 11. a4 h6 12. Na3 c5 13. Qb2 Bb7 14. b4 dxc4 15. Nxc4
cxb4 16. Bxb4 Rc8 17. Nd6 Bxd6 18. Bxd6 Re8 19. a5 Be4 20. axb6 Rc2 21. Qb5 Qxb6
22. Qxb6 axb6 23. e3 Rec8 24. Ne1 Bxg2 25. Nxc2 Rxc2 26. Kxg2 Ne4 27. Be7 b5 28.
Rf1 Nb6 29. Rac1 Ra2 30. Ra1 Rc2 31. Kg1 Nd5 32. Bc5 Nec3 33. Ra7 h5 34. Rb7 g5
35. g4 hxg4 36. Bd6 Ra2 37. Re1 Ne4 38. Bg3 b4 39. Rc1 Ndc3 40. Kg2 Nxg3 41.
hxg3 Ne4 42. Rf1 Nd2 43. Rxb4 Nxf1 44. Kxf1 Kg7 45. Rb1 Kg6 46. e4 Rd2 47. Rb4
Ra2 48. Rc4 f6 49. Ke1 Kf7 50. Kf1 Kg6 51. Ke1 Kf7 1/2-1/2

[Event "76th Tata Steel Masters"]
[Site "Wijk aan Zee NED"]
[Date "2014.01.19"]
[Round "7.6"]
[White "Naiditsch,A"]
[Black "Dominguez Perez,L"]
[Result "1/2-1/2"]
[WhiteTitle "GM"]
[BlackTitle "GM"]
[WhiteElo "2718"]
[BlackElo "2754"]
[WhiteFideId "4650891"]
[BlackFideId "3503240"]
[EventDate "2014.01.11"]

1. d4 Nf6 2. Nf3 g6 3. Bf4 Bg7 4. e3 O-O 5. Be2 d6 6. O-O b6 7. a4 a6 8. h3 Bb7
9. c3 Nbd7 10. Nbd2 e6 11. Bh2 Qe7 12. a5 b5 13. c4 bxc4 14. Nxc4 Rfb8 15. Qa4
Nd5 16. Rfe1 N7f6 17. Nfd2 Qd7 18. Qa3 Bc6 19. Rac1 Nb4 20. Nb6 cxb6 21. Qxb4
Bf8 22. axb6 Nd5 23. Qa5 Nxb6 24. Rc2 Nd5 25. Rec1 Ba4 26. b3 Bxb3 27. Nxb3 Rxb3
28. Bc4 Rb7 29. Bxd5 exd5 30. Qxd5 Qb5 31. Qf3 a5 32. Bf4 Qd7 33. Qd5 Qb5 34.
Qf3 Qd7 35. Rc6 Rba7 36. Kh2 a4 37. Rc7 Qe6 38. Rb7 d5 39. Rxa7 Rxa7 40. Qe2 a3
41. Qb5 a2 42. Ra1 h5 43. Qb8 Qa6 44. Qb3 Qa5 45. g4 h4 46. Kg2 Qb4 47. Qc2 Qc4
48. Qb2 Bb4 49. Be5 Ra8 50. g5 Kf8 51. Bf6 Kg8 52. Be5 Bc3 53. Rxa2 Qxa2 54.
Qxc3 Qc4 55. Qb2 Qc6 56. Qe2 Ra1 57. Qb2 Ra8 58. Qe2 Qe6 59. Qf3 Qf5 60. Qxd5
Qxg5+ 61. Kf3 Qh5+ 62. Kg2 Qg5+ 63. Kf3 Qf5+ 64. Kg2 Rc8 65. Qf3 Qxf3+ 66. Kxf3
f6 67. Bd6 Rc2 68. e4 g5 69. d5 Kf7 70. Bb8 Rc3+ 71. Kg2 Rd3 72. Bc7 Kg6 73. Bb6
f5 74. exf5+ Kxf5 75. Ba7 Rxd5 76. Bb6 Rd3 77. Ba7 Rb3 78. Bc5 Rd3 79. Bb6 Ra3
80. Bc5 Rb3 81. Bd4 g4 82. hxg4+ Kxg4 83. Be3 h3+ 84. Kh2 Rb7 85. Bd4 Rf7 86.
Bc5 Kf3 87. Bd4 Rh7 88. Be3 Rg7 89. Bd4 Rg6 90. Be3 Rg8 91. Bd4 1/2-1/2